[Event "Torneo Benidorm Gran Hotel Bali 2022"]
[Site "Benidorm, Spain"]
[Date "2022.12.03"]
[Round "1.1"]
[White "Donate Moreno, Silvia"]
[Black "Sos Andreu, Eric"]
[Result "0-1"]
[WhiteElo "2025"]
[BlackElo "2364"]
[PlyCount "94"]
[EventDate "2022.12.03"]
[EventType "swiss"]
[EventRounds "9"]
[SourceTitle "Ajedrez en Madrid"]
[Source "lmi"]
[SourceDate "2022.12.03"]
[SourceVersion "1"]
[SourceVersionDate "2022.12.10"]
[SourceQuality "1"]

1. e4 c6 2. d4 d5 3. Nd2 dxe4 4. Nxe4 Nf6 5. Nxf6+ exf6 6. c3 Bd6 7. Bd3 O-O 8. Qc2 Re8+ 9. Ne2 h5 10. Be3 Nd7 11. O-O-O Nf8 12. Kb1 Be6 13. c4 Rc8 14. Nc3 Bb4 15. a3 Bxc3 16. Qxc3 b5 17. Rhe1 bxc4 18. Bxc4 Qd7 19. Rc1 Bd5 20. f3 Ne6 21. Qa5 Rb8 22. Qd2 Rb6 23. Qd3 Reb8 24. Re2 Qd6 25. h3 Nc7 26. Ka1 Bxc4 27. Rxc4 Nd5 28. Bc1 g6 29. g4 h4 30. Qc2 Kg7 31. Re4 Qg3 32. Rxc6 Qxf3 33. Rc5 Rd6 34. Qe2 Qxh3 35. Re8 Rdd8 36. Rxd8 Rxd8 37. Qe4 Qf1 38. Ka2 h3 39. Bd2 Qg2 40. Qxg2 hxg2 41. Rc1 Re8 42. Rg1 Re2 43. Bc1 Rf2 44. Kb3 Rf1 45. Rxg2 Rxc1 46. Rg3 Rc7 47. Rg1 Kh6 0-1

[Event "Torneo Benidorm Gran Hotel Bali 2022"]
[Site "Benidorm, Spain"]
[Date "2022.12.03"]
[Round "1.2"]
[White "Granero Roca, Antonio"]
[Black "Jerie, Sven"]
[Result "1-0"]
[WhiteElo "2345"]
[BlackElo "2023"]
[PlyCount "95"]
[EventDate "2022.12.03"]
[EventType "swiss"]
[EventRounds "9"]
[SourceTitle "Ajedrez en Madrid"]
[Source "lmi"]
[SourceDate "2022.12.03"]
[SourceVersion "1"]
[SourceVersionDate "2022.12.10"]
[SourceQuality "1"]

1. Nf3 Nf6 2. c4 e6 3. d4 d5 4. g3 Bb4+ 5. Bd2 a5 6. Qc2 O-O 7. Bg2 Ne4 8. O-O Nxd2 9. Nbxd2 Be7 10. Rac1 c6 11. e4 Nd7 12. Rfe1 Nf6 13. a3 Re8 14. h3 Bf8 15. e5 Nd7 16. h4 h6 17. c5 b6 18. b4 axb4 19. axb4 bxc5 20. bxc5 Ba6 21. Ra1 Bb5 22. Qc3 Qc7 23. Reb1 Qb7 24. Bf1 Rxa1 25. Qxa1 Ra8 26. Qc3 Qa6 27. Bxb5 cxb5 28. Nb3 Nb8 29. Ra1 Qb7 30. Na5 Qc7 31. Nb3 Qb7 32. Rxa8 Qxa8 33. Na5 Na6 34. Nd2 Nc7 35. Ndb3 Qe8 36. Nb7 Qd7 37. Nd6 f6 38. Qa5 fxe5 39. dxe5 Qc6 40. Qb6 Qxb6 41. cxb6 Na6 42. Nxb5 Kf7 43. Kf1 Ke7 44. N3d4 Kd7 45. Nc7 Nc5 46. Ndxe6 Nxe6 47. Nxe6 Be7 48. b7 1-0

[Event "Torneo Benidorm Gran Hotel Bali 2022"]
[Site "Benidorm, Spain"]
[Date "2022.12.03"]
[Round "1.3"]
[White "Aledo Yanguas, Javier"]
[Black "Mingarro Carceller, Sergi"]
[Result "0-1"]
[WhiteElo "2022"]
[BlackElo "2330"]
[PlyCount "78"]
[EventDate "2022.12.03"]
[EventType "swiss"]
[EventRounds "9"]
[SourceTitle "Ajedrez en Madrid"]
[Source "lmi"]
[SourceDate "2022.12.03"]
[SourceVersion "1"]
[SourceVersionDate "2022.12.10"]
[SourceQuality "1"]

1. e4 c5 2. c3 Nf6 3. e5 Nd5 4. d4 cxd4 5. cxd4 d6 6. exd6 e6 7. Nc3 Nxc3 8. bxc3 Bxd6 9. Nf3 Qc7 10. Bd2 b6 11. Bd3 Bb7 12. O-O Nd7 13. h3 O-O 14. Ng5 Nf6 15. Re1 Rfd8 16. Ne4 Nxe4 17. Bxe4 Bxe4 18. Rxe4 Rac8 19. Qh5 Be7 20. Rae1 g6 21. Qh6 Rd5 22. Bf4 Qxc3 23. Rc1 Rh5 24. Rxc3 Rxc3 25. Qxh5 gxh5 26. d5 Bc5 27. dxe6 fxe6 28. Rxe6 Rc2 29. Be3 Bxe3 30. fxe3 Rxa2 31. Kh2 h4 32. Re4 Re2 33. Kg1 a5 34. Kf1 Rb2 35. Rf4 b5 36. Ke1 a4 37. Kd1 Rxg2 38. Rxh4 a3 39. Kc1 a2 0-1

[Event "Torneo Benidorm Gran Hotel Bali 2022"]
[Site "Benidorm, Spain"]
[Date "2022.12.03"]
[Round "1.4"]
[White "Davtyan, David Arm."]
[Black "Gonzalvez Tamarit, Ruben"]
[Result "1-0"]
[WhiteElo "2329"]
[BlackElo "2022"]
[PlyCount "105"]
[EventDate "2022.12.03"]
[EventType "swiss"]
[EventRounds "9"]
[SourceTitle "Ajedrez en Madrid"]
[Source "lmi"]
[SourceDate "2022.12.03"]
[SourceVersion "1"]
[SourceVersionDate "2022.12.10"]
[SourceQuality "1"]

1. d4 f5 2. g3 Nf6 3. Bg2 e6 4. c4 Bb4+ 5. Bd2 Qe7 6. a3 Bxd2+ 7. Qxd2 d6 8. Nc3 O-O 9. Nf3 Nbd7 10. O-O Ne4 11. Nxe4 fxe4 12. Ng5 d5 13. f3 h6 14. Nh3 exf3 15. exf3 Nb6 16. c5 Nc4 17. Qe2 Qf6 18. Rad1 Bd7 19. Rfe1 Rae8 20. Qc2 e5 21. b3 Nxa3 22. Qb2 Bxh3 23. Bxh3 exd4 24. Qxa3 d3 25. Qb4 Qxf3 26. Qd4 c6 27. Bg2 Rxe1+ 28. Rxe1 d2 29. Qxd2 Qxb3 30. Qe3 Qxe3+ 31. Rxe3 b6 32. cxb6 axb6 33. Re6 Rf6 34. Rxc6 Rxc6 35. Bxd5+ Kf8 36. Bxc6 Ke7 37. Kf2 Kd6 38. Be4 Ke5 39. Ke3 b5 40. Bg6 b4 41. Kf3 b3 42. Ke3 Kf6 43. Bb1 Ke5 44. h4 b2 45. h5 Kf6 46. Kf4 Ke6 47. Bc2 Kf6 48. Bf5 Kf7 49. Ke5 Ke7 50. Bb1 Kf8 51. Kf5 Kg8 52. Kg6 Kh8 53. Kf7 1-0

[Event "Torneo Benidorm Gran Hotel Bali 2022"]
[Site "Benidorm, Spain"]
[Date "2022.12.03"]
[Round "1.5"]
[White "Suba, Mihai"]
[Black "Remolar Gallen, Jose"]
[Result "0-1"]
[WhiteElo "2019"]
[BlackElo "2305"]
[PlyCount "120"]
[EventDate "2022.12.03"]
[EventType "swiss"]
[EventRounds "9"]
[SourceTitle "Ajedrez en Madrid"]
[Source "lmi"]
[SourceDate "2022.12.03"]
[SourceVersion "1"]
[SourceVersionDate "2022.12.10"]
[SourceQuality "1"]

1. d4 Nf6 2. c4 g6 3. Nc3 Bg7 4. e4 d6 5. h3 e5 6. dxe5 dxe5 7. Qxd8+ Kxd8 8. Be3 c6 9. O-O-O+ Nbd7 10. Be2 Kc7 11. f4 Re8 12. fxe5 Nxe5 13. Nf3 Nh5 14. Nxe5 Bxe5 15. Bxh5 gxh5 16. Bd4 Bxd4 17. Rxd4 Rg8 18. Rd2 Be6 19. b3 Rg3 20. Ne2 Rxg2 21. Nf4 Rxd2 22. Nxe6+ fxe6 23. Kxd2 Rg8 24. Rf1 Rg7 25. e5 Kb6 26. Rf6 Rg6 27. Ke3 Kc5 28. Rf7 Rg2 29. Rxb7 Rxa2 30. Rxh7 Ra3 31. Rxh5 a5 32. Rh6 a4 33. Rxe6 Rxb3+ 34. Kd2 Rxh3 35. Kc2 a3 36. Re8 Kxc4 37. e6 Rh2+ 38. Kb1 Rb2+ 39. Ka1 c5 40. Ra8 Re2 41. e7 Rxe7 42. Rxa3 Rb7 43. Rh3 Rb3 44. Rh4+ Kc3 45. Rh3+ Kb4 46. Rh8 c4 47. Ka2 Rd3 48. Kb2 Rd2+ 49. Kc1 Kc3 50. Rh3+ Rd3 51. Rh8 Rg3 52. Kb1 Rg1+ 53. Ka2 Rd1 54. Rh3+ Kc2 55. Rh8 c3 56. Rh3 Rd4 57. Rh2+ Rd2 58. Rh3 Kc1+ 59. Ka1 c2 60. Rh1+ Rd1 0-1

[Event "Torneo Benidorm Gran Hotel Bali 2022"]
[Site "Benidorm, Spain"]
[Date "2022.12.03"]
[Round "1.6"]
[White "Shaik, Sumer Arsh"]
[Black "Oroz Carrasco, Adrian"]
[Result "1-0"]
[WhiteElo "2290"]
[BlackElo "2011"]
[PlyCount "69"]
[EventDate "2022.12.03"]
[EventType "swiss"]
[EventRounds "9"]
[SourceTitle "Ajedrez en Madrid"]
[Source "lmi"]
[SourceDate "2022.12.03"]
[SourceVersion "1"]
[SourceVersionDate "2022.12.10"]
[SourceQuality "1"]

1. d4 Nf6 2. c4 e6 3. Nc3 Bb4 4. Qc2 d5 5. cxd5 Qxd5 6. e3 O-O 7. Nf3 b6 8. Bd3 Ba6 9. Bxa6 Nxa6 10. O-O Bxc3 11. bxc3 c5 12. Qe2 Qb7 13. Rb1 Ne4 14. Bb2 Rac8 15. c4 Rfd8 16. Rfd1 f6 17. Rbc1 Rd7 18. Nd2 Rcd8 19. a3 Nxd2 20. Rxd2 Nc7 21. Qg4 Qc6 22. h4 e5 23. d5 Qd6 24. Rf1 Rf7 25. f4 e4 26. f5 Re8 27. Rf4 Rfe7 28. h5 b5 29. h6 bxc4 30. Rxe4 Nb5 31. Re6 Qd7 32. Bxf6 Rf7 33. Bxg7 Nc7 34. Be5+ Kf8 35. Bd6+ 1-0

[Event "Torneo Benidorm Gran Hotel Bali 2022"]
[Site "Benidorm, Spain"]
[Date "2022.12.03"]
[Round "1.7"]
[White "Sempere Domenech, Abel"]
[Black "Luque Saiz, Andres"]
[Result "0-1"]
[WhiteElo "2009"]
[BlackElo "2286"]
[PlyCount "60"]
[EventDate "2022.12.03"]
[EventType "swiss"]
[EventRounds "9"]
[SourceTitle "Ajedrez en Madrid"]
[Source "lmi"]
[SourceDate "2022.12.03"]
[SourceVersion "1"]
[SourceVersionDate "2022.12.10"]
[SourceQuality "1"]

1. d4 d5 2. c4 e6 3. Nc3 Nf6 4. cxd5 exd5 5. Bg5 Be7 6. e3 c6 7. Bd3 Nbd7 8. Qc2 O-O 9. h3 Re8 10. Nf3 Nf8 11. O-O Ng6 12. Bxf6 Bxf6 13. b4 Be7 14. Rab1 Bd6 15. b5 Qf6 16. Qd1 Nh4 17. Nxh4 Qxh4 18. Qf3 Re6 19. bxc6 bxc6 20. Qg4 Qh6 21. Qe2 Rf6 22. f4 Qh4 23. Qf3 g5 24. f5 h5 25. Nxd5 cxd5 26. Qxd5 Bb7 27. Qxb7 Re8 28. Qf3 g4 29. Qf2 Bg3 30. Qd2 Kh8 0-1

[Event "Torneo Benidorm Gran Hotel Bali 2022"]
[Site "Benidorm, Spain"]
[Date "2022.12.04"]
[Round "2.1"]
[White "Sos Andreu, Eric"]
[Black "Villar Reymundo, Juan Antonio"]
[Result "1/2-1/2"]
[WhiteElo "2364"]
[BlackElo "2135"]
[PlyCount "70"]
[EventDate "2022.12.03"]
[EventType "swiss"]
[EventRounds "9"]
[SourceTitle "Ajedrez en Madrid"]
[Source "lmi"]
[SourceDate "2022.12.03"]
[SourceVersion "1"]
[SourceVersionDate "2022.12.10"]
[SourceQuality "1"]

1. d4 d6 2. Nf3 g6 3. c4 f5 4. Nc3 Nf6 5. g3 Bg7 6. Bg2 O-O 7. O-O Nc6 8. d5 Na5 9. Nd2 c5 10. dxc6 Nxc6 11. Rb1 Be6 12. Nd5 Bf7 13. a3 e5 14. Nxf6+ Qxf6 15. b3 Rfd8 16. Nf3 h6 17. Ne1 d5 18. Bxd5 Bxd5 19. cxd5 Ne7 20. b4 Rxd5 21. Qb3 Qf7 22. Nd3 Nc6 23. Bb2 Nd4 24. Bxd4 Rxd4 25. Rfc1 Rad8 26. Qxf7+ Kxf7 27. Rc7+ R4d7 28. Rxd7+ Rxd7 29. Kf1 e4 30. Nc5 Rc7 31. Rd1 Ke7 32. g4 b6 33. Na6 Rd7 34. Rc1 Be5 35. gxf5 gxf5 1/2-1/2

[Event "Torneo Benidorm Gran Hotel Bali 2022"]
[Site "Benidorm, Spain"]
[Date "2022.12.04"]
[Round "2.2"]
[White "Millaret Lores, Francesc"]
[Black "Granero Roca, Antonio"]
[Result "0-1"]
[WhiteElo "2133"]
[BlackElo "2345"]
[PlyCount "78"]
[EventDate "2022.12.03"]
[EventType "swiss"]
[EventRounds "9"]
[SourceTitle "Ajedrez en Madrid"]
[Source "lmi"]
[SourceDate "2022.12.03"]
[SourceVersion "1"]
[SourceVersionDate "2022.12.10"]
[SourceQuality "1"]

1. e4 e5 2. Nf3 Nc6 3. Bc4 Bc5 4. c3 Nf6 5. d3 d6 6. b4 Bb6 7. a4 a5 8. b5 Ne7 9. Na3 O-O 10. O-O Ng6 11. Be3 c6 12. Bb3 d5 13. Bxb6 Qxb6 14. exd5 cxd5 15. d4 e4 16. Ne5 Qd6 17. Nxg6 hxg6 18. Qd2 Be6 19. Nc2 Ng4 20. g3 f5 21. f4 exf3 22. Rxf3 Nf6 23. Ne3 Ne4 24. Qe1 Rac8 25. Ng2 g5 26. h4 gxh4 27. Nxh4 Rf6 28. Re3 g5 29. Nf3 Kg7 30. Ra2 Rh8 31. Rh2 Rxh2 32. Nxh2 f4 33. Rxe4 dxe4 34. Bxe6 Qxe6 35. gxf4 gxf4 36. Qh4 f3 37. Kh1 Qf5 38. Ng4 f2 39. Nxf2 Rh6 0-1

[Event "Torneo Benidorm Gran Hotel Bali 2022"]
[Site "Benidorm, Spain"]
[Date "2022.12.04"]
[Round "2.3"]
[White "Mingarro Carceller, Sergi"]
[Black "Mari Copa, Adria"]
[Result "1-0"]
[WhiteElo "2330"]
[BlackElo "2113"]
[PlyCount "87"]
[EventDate "2022.12.03"]
[EventType "swiss"]
[EventRounds "9"]
[SourceTitle "Ajedrez en Madrid"]
[Source "lmi"]
[SourceDate "2022.12.03"]
[SourceVersion "1"]
[SourceVersionDate "2022.12.10"]
[SourceQuality "1"]

1. e4 e6 2. d4 d5 3. e5 c5 4. c3 Nc6 5. Nf3 Bd7 6. Be2 cxd4 7. cxd4 Nge7 8. O-O Qb6 9. Nc3 Nf5 10. Na4 Qa5 11. Bd2 Qd8 12. Bg5 f6 13. Bf4 fxe5 14. Nxe5 Nxe5 15. Bxe5 Bd6 16. Bh5+ Kf8 17. Bxd6+ Nxd6 18. Nc5 b6 19. Nd3 g6 20. Bg4 Kg7 21. Re1 Re8 22. Nf4 Qf6 23. g3 Nb5 24. Re5 Re7 25. Qd3 Nd6 26. Rae1 Rae8 27. b3 Kf7 28. h4 Bb5 29. Qd2 Bd7 30. Nh3 Kg7 31. h5 Nf7 32. R5e3 e5 33. Bxd7 Rxd7 34. dxe5 Rxe5 35. hxg6 hxg6 36. Nf4 d4 37. R3e2 Ng5 38. Qd3 Rxe2 39. Rxe2 Rc7 40. Nd5 Rc1+ 41. Kg2 Qc6 42. Qxd4+ Kh6 43. Qh4+ Kg7 44. Qxg5 1-0

[Event "Torneo Benidorm Gran Hotel Bali 2022"]
[Site "Benidorm, Spain"]
[Date "2022.12.04"]
[Round "2.4"]
[White "Hristodorescu, Daniel"]
[Black "Davtyan, David Arm."]
[Result "0-1"]
[WhiteElo "2108"]
[BlackElo "2329"]
[PlyCount "78"]
[EventDate "2022.12.03"]
[EventType "swiss"]
[EventRounds "9"]
[SourceTitle "Ajedrez en Madrid"]
[Source "lmi"]
[SourceDate "2022.12.03"]
[SourceVersion "1"]
[SourceVersionDate "2022.12.10"]
[SourceQuality "1"]

1. e4 c6 2. Nc3 d5 3. Nf3 dxe4 4. Nxe4 Nf6 5. Ng3 c5 6. h3 Nc6 7. Bb5 Qc7 8. O-O Bd7 9. Re1 g6 10. c3 Bg7 11. Bxc6 Bxc6 12. Ne5 O-O 13. Nxc6 Qxc6 14. d3 e6 15. Qe2 Nd5 16. a3 h6 17. Rb1 e5 18. c4 Nc7 19. b4 f5 20. Bb2 Rfe8 21. Nf1 Ne6 22. g3 Ng5 23. Nd2 Nxh3+ 24. Kh2 Ng5 25. b5 Qd7 26. Nf3 Rad8 27. Nxg5 hxg5 28. Rbd1 g4 29. Bc1 Bf6 30. f3 Qh7+ 31. Kg1 Qh3 32. Qg2 Qxg2+ 33. Kxg2 gxf3+ 34. Kxf3 Kf7 35. Be3 b6 36. a4 Rxd3 37. Rxd3 e4+ 38. Ke2 exd3+ 39. Kxd3 Bg5 0-1

[Event "Torneo Benidorm Gran Hotel Bali 2022"]
[Site "Benidorm, Spain"]
[Date "2022.12.04"]
[Round "2.5"]
[White "Remolar Gallen, Jose"]
[Black "Gonzalez Pereira, Asier"]
[Result "1-0"]
[WhiteElo "2305"]
[BlackElo "2107"]
[PlyCount "79"]
[EventDate "2022.12.03"]
[EventType "swiss"]
[EventRounds "9"]
[SourceTitle "Ajedrez en Madrid"]
[Source "lmi"]
[SourceDate "2022.12.03"]
[SourceVersion "1"]
[SourceVersionDate "2022.12.10"]
[SourceQuality "1"]

1. d4 d5 2. c4 e6 3. Nc3 Be7 4. Nf3 Nf6 5. Bg5 h6 6. Bh4 O-O 7. e3 Ne4 8. Bxe7 Qxe7 9. Bd3 Nxc3 10. bxc3 dxc4 11. Bxc4 Nd7 12. O-O b6 13. a4 Bb7 14. a5 Qf6 15. Bb5 Rfd8 16. Qa4 Nb8 17. Be2 Nd7 18. a6 Be4 19. Nd2 Bg6 20. Bf3 Rac8 21. Bb7 Rb8 22. Qc6 e5 23. Qxc7 b5 24. Nf3 exd4 25. cxd4 Bd3 26. Rfc1 b4 27. Ne1 Bg6 28. Qc4 Qb6 29. Qb3 Rxb7 30. axb7 Rb8 31. Rc8+ Kh7 32. Rxb8 Nxb8 33. Nd3 Bxd3 34. Qxd3+ Kg8 35. Qe4 b3 36. g4 Qb5 37. Rc1 g6 38. Rc8+ Kg7 39. d5 Nd7 40. b8=Q 1-0

[Event "Torneo Benidorm Gran Hotel Bali 2022"]
[Site "Benidorm, Spain"]
[Date "2022.12.04"]
[Round "2.6"]
[White "Gomez Sanjuan, Hector Fernando"]
[Black "Shaik, Sumer Arsh"]
[Result "1-0"]
[WhiteElo "2098"]
[BlackElo "2290"]
[PlyCount "88"]
[EventDate "2022.12.03"]
[EventType "swiss"]
[EventRounds "9"]
[SourceTitle "Ajedrez en Madrid"]
[Source "lmi"]
[SourceDate "2022.12.03"]
[SourceVersion "1"]
[SourceVersionDate "2022.12.10"]
[SourceQuality "1"]

1. d4 Nf6 2. c4 e6 3. Nc3 Bb4 4. e3 O-O 5. Bd2 d5 6. Nf3 b6 7. cxd5 exd5 8. Bd3 Bb7 9. Rc1 a6 10. O-O Nbd7 11. Ne5 Bd6 12. f4 c5 13. Be1 cxd4 14. exd4 b5 15. Qf3 Nb6 16. Bh4 Be7 17. Bxf6 Bxf6 18. Qh3 g6 19. b3 Qd6 20. Ne2 Rac8 21. Ng3 Rxc1 22. Rxc1 Qb4 23. Ne2 Qd2 24. Kf2 Rc8 25. Qe3 Qb2 26. Ng4 Bxd4 27. Rxc8+ Bxc8 28. Qxd4 Qxd4+ 29. Nxd4 Bxg4 30. Ke3 Kf8 31. Nc6 Bc8 32. Kd4 Bb7 33. Kc5 Nd7+ 34. Kd6 Nf6 35. Kc7 Bxc6 36. Kxc6 Ke7 37. a4 bxa4 38. bxa4 a5 39. Kb5 Kd6 40. Kxa5 Kc5 41. Ka6 Kb4 42. a5 Nd7 43. Bb5 Nc5+ 44. Kb6 Nb7 1-0

[Event "Torneo Benidorm Gran Hotel Bali 2022"]
[Site "Benidorm, Spain"]
[Date "2022.12.04"]
[Round "2.7"]
[White "Luque Saiz, Andres"]
[Black "Galvan Cipriani, Viviana"]
[Result "1-0"]
[WhiteElo "2286"]
[BlackElo "2088"]
[PlyCount "117"]
[EventDate "2022.12.03"]
[EventType "swiss"]
[EventRounds "9"]
[SourceTitle "Ajedrez en Madrid"]
[Source "lmi"]
[SourceDate "2022.12.03"]
[SourceVersion "1"]
[SourceVersionDate "2022.12.10"]
[SourceQuality "1"]

1. e4 c5 2. Nf3 Nc6 3. Bb5 Nf6 4. Bxc6 dxc6 5. d3 Bg4 6. h3 Bh5 7. Nbd2 Nd7 8. b3 f6 9. Nf1 Qc7 10. Be3 e6 11. Ng3 Bf7 12. Nd2 Bd6 13. Ne2 b5 14. f4 g5 15. e5 Be7 16. Ne4 f5 17. Nxg5 Bxg5 18. fxg5 Qxe5 19. Bf4 Qd5 20. O-O b4 21. Qe1 e5 22. Bd2 Be6 23. a3 bxa3 24. Rxa3 O-O 25. Nc3 Qd6 26. Ra6 Rf7 27. Qe2 c4 28. bxc4 Nc5 29. Ra5 e4 30. Bf4 Qd4+ 31. Qe3 Qxc3 32. Rxc5 Re8 33. Be5 f4 34. Rxf4 Qxc2 35. Qxe4 Qc1+ 36. Kh2 Rxf4 37. Bxf4 Qa3 38. Qxc6 Bf7 39. Be5 Re6 40. Qd5 Qa6 41. Qd7 Re8 42. Bc3 Qb6 43. Rc8 Qe3 44. Rxe8+ Qxe8 45. Qxa7 Qd8 46. Qe3 Qd6+ 47. Be5 Qe7 48. Qf4 Be6 49. Qf6 Qxf6 50. gxf6 Kf7 51. Kg3 Kg6 52. Kf4 h5 53. h4 Bf7 54. Ke4 Be8 55. Kd5 Kf5 56. Kd6 Bf7 57. c5 Be8 58. g3 Kg6 59. d4 1-0

[Event "Torneo Benidorm Gran Hotel Bali 2022"]
[Site "Benidorm, Spain"]
[Date "2022.12.05"]
[Round "3.1"]
[White "Granero Roca, Antonio"]
[Black "Aguilera Lopez, Alejandro"]
[Result "0-1"]
[WhiteElo "2345"]
[BlackElo "2184"]
[PlyCount "66"]
[EventDate "2022.12.03"]
[EventType "swiss"]
[EventRounds "9"]
[SourceTitle "Ajedrez en Madrid"]
[Source "lmi"]
[SourceDate "2022.12.03"]
[SourceVersion "1"]
[SourceVersionDate "2022.12.10"]
[SourceQuality "1"]

1. d4 d5 2. c4 e6 3. Nf3 Nf6 4. Nc3 Be7 5. Bg5 O-O 6. e3 Nbd7 7. Qc2 c6 8. Bd3 dxc4 9. Bxc4 b5 10. Be2 Bb7 11. O-O h6 12. Bh4 a6 13. Rfd1 Rc8 14. e4 Nh5 15. Bg3 Nxg3 16. hxg3 Qb6 17. a3 c5 18. d5 Rfd8 19. e5 exd5 20. Nxd5 Bxd5 21. Rxd5 Nf8 22. Rad1 c4 23. a4 Bc5 24. Bf1 Rxd5 25. Rxd5 bxa4 26. Rd2 c3 27. bxc3 a3 28. Qa4 Be7 29. Rc2 Qb1 30. Nd4 Bc5 31. Qb3 Rb8 32. Qa4 Rb2 33. e6 fxe6 0-1

[Event "Torneo Benidorm Gran Hotel Bali 2022"]
[Site "Benidorm, Spain"]
[Date "2022.12.05"]
[Round "3.2"]
[White "Tabuenca Mendataurigoitia, Danie"]
[Black "Mingarro Carceller, Sergi"]
[Result "0-1"]
[WhiteElo "2171"]
[BlackElo "2330"]
[PlyCount "62"]
[EventDate "2022.12.03"]
[EventType "swiss"]
[EventRounds "9"]
[SourceTitle "Ajedrez en Madrid"]
[Source "lmi"]
[SourceDate "2022.12.03"]
[SourceVersion "1"]
[SourceVersionDate "2022.12.10"]
[SourceQuality "1"]

1. e4 c5 2. Be2 Nc6 3. d3 e6 4. f4 d5 5. Nf3 Bd6 6. O-O Nge7 7. c3 O-O 8. e5 Bc7 9. d4 cxd4 10. Bd3 f6 11. cxd4 Bd7 12. Nc3 Be8 13. Be3 Bh5 14. Qe1 Bxf3 15. Rxf3 fxe5 16. fxe5 Rxf3 17. gxf3 Qf8 18. Kg2 Nf5 19. Rd1 Bb6 20. Bxf5 Qxf5 21. Qe2 Rf8 22. h3 Ne7 23. Qf2 Ng6 24. Rf1 Bxd4 25. Ne2 Bxe5 26. f4 Qe4+ 27. Kh2 d4 28. Bc1 Qc2 29. Qg2 d3 30. fxe5 Rxf1 31. Qxf1 dxe2 0-1

[Event "Torneo Benidorm Gran Hotel Bali 2022"]
[Site "Benidorm, Spain"]
[Date "2022.12.05"]
[Round "3.3"]
[White "Davtyan, David Arm."]
[Black "Gomez Sanjuan, Hector Fernando"]
[Result "1-0"]
[WhiteElo "2329"]
[BlackElo "2098"]
[PlyCount "65"]
[EventDate "2022.12.03"]
[EventType "swiss"]
[EventRounds "9"]
[SourceTitle "Ajedrez en Madrid"]
[Source "lmi"]
[SourceDate "2022.12.03"]
[SourceVersion "1"]
[SourceVersionDate "2022.12.10"]
[SourceQuality "1"]

1. d4 Nf6 2. Nf3 d5 3. c4 e6 4. Nc3 Bb4 5. Qa4+ Nc6 6. Bg5 Bd7 7. Qc2 O-O 8. e3 dxc4 9. Bxc4 Bd6 10. O-O a6 11. a3 e5 12. Ne4 Be7 13. dxe5 Nxe4 14. Bxe7 Qxe7 15. Qxe4 Rad8 16. Rac1 g6 17. Qf4 Rfe8 18. Bd5 Be6 19. Bxc6 bxc6 20. Ng5 Bd5 21. e4 Ba2 22. Qh4 h5 23. f4 Rd2 24. Rf2 Red8 25. g4 Rd1+ 26. Rxd1 Rxd1+ 27. Kg2 Bb1 28. Qh3 Qc5 29. Qb3 Bxe4+ 30. Nxe4 Qc1 31. Ng5 Rg1+ 32. Kh3 hxg4+ 33. Kh4 1-0

[Event "Torneo Benidorm Gran Hotel Bali 2022"]
[Site "Benidorm, Spain"]
[Date "2022.12.05"]
[Round "3.4"]
[White "Salgado Lopez, Oscar"]
[Black "Remolar Gallen, Jose"]
[Result "0-1"]
[WhiteElo "2070"]
[BlackElo "2305"]
[PlyCount "120"]
[EventDate "2022.12.03"]
[EventType "swiss"]
[EventRounds "9"]
[SourceTitle "Ajedrez en Madrid"]
[Source "lmi"]
[SourceDate "2022.12.03"]
[SourceVersion "1"]
[SourceVersionDate "2022.12.10"]
[SourceQuality "1"]

1. e4 c5 2. c3 Nf6 3. e5 Nd5 4. Nf3 Nc6 5. Bc4 Nb6 6. Bb3 c4 7. Bc2 d5 8. exd6 Qxd6 9. h3 e5 10. b3 f5 11. Ba3 Qf6 12. Bxf8 Rxf8 13. O-O Be6 14. Na3 O-O-O 15. Qe2 e4 16. Ne1 Qg5 17. f4 Qe7 18. Nxc4 Nxc4 19. bxc4 Qc5+ 20. Qf2 Qxf2+ 21. Rxf2 Bxc4 22. Bb3 Na5 23. Rb1 Rd6 24. Nc2 Bd3 25. Rb2 Bxc2 26. Rxc2 h5 27. g3 Kd8 28. Kh2 Kc8 29. Kg1 Kd8 30. Kh2 Ke7 31. Rb2 Rfd8 32. g4 hxg4 33. hxg4 g6 34. Rg2 Rb6 35. Rb1 Kf6 36. Rbg1 Rbd6 37. gxf5 Rh8+ 38. Kg3 gxf5 39. d4 exd3 40. Kf2 Rh6 41. Rg8 Nxb3 42. axb3 d2 43. Rd1 Rh2+ 44. Ke3 Rh3+ 45. Ke2 Rxc3 46. Rf8+ Ke6 47. Re8+ Kf7 48. Re5 Re6 49. Kxd2 Rxe5 50. Kxc3 Re3+ 51. Kc4 Ke6 52. Rf1 Kd6 53. Kb4 Re4+ 54. Ka5 Rd4 55. Rf2 a6 56. Rf1 Kc7 57. Rc1+ Kb8 58. Rf1 Ka7 59. b4 b6+ 60. Ka4 a5 0-1

[Event "Torneo Benidorm Gran Hotel Bali 2022"]
[Site "Benidorm, Spain"]
[Date "2022.12.05"]
[Round "3.5"]
[White "Rodriguez Redondo, Adhara"]
[Black "Luque Saiz, Andres"]
[Result "1-0"]
[WhiteElo "2057"]
[BlackElo "2286"]
[PlyCount "81"]
[EventDate "2022.12.03"]
[EventType "swiss"]
[EventRounds "9"]
[SourceTitle "Ajedrez en Madrid"]
[Source "lmi"]
[SourceDate "2022.12.03"]
[SourceVersion "1"]
[SourceVersionDate "2022.12.10"]
[SourceQuality "1"]

1. e4 c6 2. d4 d5 3. exd5 cxd5 4. Bd3 Nc6 5. c3 e6 6. Nf3 Bd6 7. O-O Nge7 8. b3 O-O 9. Re1 f6 10. c4 Nf5 11. Bb2 Kh8 12. Nbd2 Bc7 13. Nf1 Nce7 14. Ng3 Nh6 15. Qc2 g6 16. Re2 Bd6 17. a3 Nf7 18. Rae1 Kg7 19. Qd2 Bd7 20. Bb1 Rc8 21. Qd3 a6 22. Nh5+ Kh8 23. Nxf6 b5 24. c5 Bb8 25. Nxd7 Qxd7 26. Rxe6 Nf5 27. Qd2 Ng7 28. Re7 Qg4 29. Ne5 Bxe5 30. dxe5 Ng5 31. Kh1 Rcd8 32. Rxg7 Kxg7 33. e6+ Rf6 34. e7 Re8 35. Qxd5 Qf4 36. f3 Qh4 37. Bxf6+ Kxf6 38. Qe5+ Kf7 39. f4 Nh3 40. gxh3 Qxh3 41. Be4 1-0

[Event "Torneo Benidorm Gran Hotel Bali 2022"]
[Site "Benidorm, Spain"]
[Date "2022.12.05"]
[Round "3.6"]
[White "Oswaldo Valentin, Requejo Cotrin"]
[Black "Schaffert, Walter"]
[Result "0-1"]
[WhiteElo "2248"]
[BlackElo "2037"]
[PlyCount "92"]
[EventDate "2022.12.03"]
[EventType "swiss"]
[EventRounds "9"]
[SourceTitle "Ajedrez en Madrid"]
[Source "lmi"]
[SourceDate "2022.12.03"]
[SourceVersion "1"]
[SourceVersionDate "2022.12.10"]
[SourceQuality "1"]

1. e4 d5 2. exd5 Qxd5 3. Nc3 Qd6 4. Bc4 Nf6 5. d3 a6 6. Nf3 b5 7. Bb3 Bb7 8. Qe2 e6 9. Bd2 Nbd7 10. a4 Nc5 11. axb5 Nxb3 12. cxb3 Be7 13. Ne4 Qd5 14. bxa6 Bxa6 15. Bc3 Nxe4 16. Qxe4 Qxe4+ 17. dxe4 O-O 18. O-O-O Be2 19. Rde1 Rfd8 20. Nd4 Bd3 21. Nc2 Bg5+ 22. Bd2 Bxd2+ 23. Kxd2 Bxe4+ 24. Kc1 Bxg2 25. Rhg1 Bd5 26. Rg3 f5 27. Rc3 c6 28. f3 Kf7 29. Na3 Kf6 30. Kc2 Rdb8 31. Nc4 Rb4 32. Ne5 Ra6 33. Nd7+ Ke7 34. Nc5 Rab6 35. Rce3 Kf7 36. Nxe6 Rxb3 37. Nd4 Rxb2+ 38. Kc3 c5 39. Re7+ Kf6 40. Nc2 R6b3+ 41. Kd2 Rxf3 42. Kc1 Rfb3 43. R1e5 Rb1+ 44. Kd2 Rh3 45. Re2 c4 46. Rc7 Rd3# 0-1